Sparks & Taylor's nursing diagnosis reference manual / (Record no. 60148)

MARC details
000 -LEADER
fixed length control field 00691nam a22002297a 4500
003 - CONTROL NUMBER IDENTIFIER
control field OSt
005 - DATE AND TIME OF LATEST TRANSACTION
control field 20260209113059.0
008 - FIXED-LENGTH DATA ELEMENTS--GENERAL INFORMATION
fixed length control field 260205b |||||||| |||| 00| 0 eng d
020 ## - INTERNATIONAL STANDARD BOOK NUMBER
International Standard Book Number 9781496347817
050 ## - LIBRARY OF CONGRESS CALL NUMBER
Classification number REF RT48.6
Item number .P44 2017
100 ## - MAIN ENTRY--PERSONAL NAME
Relator code Phelps, Linda Lee,
245 ## - TITLE STATEMENT
Title Sparks & Taylor's nursing diagnosis reference manual /
250 ## - EDITION STATEMENT
Edition statement Tenth edition.
260 ## - PUBLICATION, DISTRIBUTION, ETC. (IMPRINT)
Place of publication, distribution, etc Philadelphia :
Name of publisher, distributor, etc Wolters Kluwer,
Date of publication, distribution, etc 2017
300 ## - PHYSICAL DESCRIPTION
Extent xxvii, 935 pages
Dimensions 23 cm
500 ## - GENERAL NOTE
General note Includes bibliographical references and index.
650 ## - SUBJECT ADDED ENTRY--TOPICAL TERM
Topical term or geographic name as entry element Nursing diagnosis
650 ## - SUBJECT ADDED ENTRY--TOPICAL TERM
Topical term or geographic name as entry element Handbooks, manuals,
700 ## - ADDED ENTRY--PERSONAL NAME
Relator code Ralph, Sheila Sparks
700 ## - ADDED ENTRY--PERSONAL NAME
Relator code Taylor, Cynthia M.,
942 ## - ADDED ENTRY ELEMENTS (KOHA)
Source of classification or shelving scheme Library of Congress Classification
Item type Book
Holdings
Withdrawn status Lost status Source of classification or shelving scheme Damaged status Not for loan Collection code Home library Current library Shelving location Date acquired Source of acquisition Cost, normal purchase price Total Checkouts Full call number Barcode Date last seen Copy number Price effective from Koha item type
    Library of Congress Classification     Non-fiction Bishop Okullu Memorial Library (Limuru Campus) Bishop Okullu Memorial Library (Limuru Campus) General Circulation 05/02/2026 Donations-Pittsburg 7993.00   REF RT48.6 .P44 2017 072994 05/02/2026 1 05/02/2026 Book
    Library of Congress Classification     Non-fiction Bishop Okullu Memorial Library (Limuru Campus) Bishop Okullu Memorial Library (Limuru Campus) Reference 12/02/2026 Donations-Pittsburg 7993.00   REF RT48.6 .P44 2017 073098 12/02/2026 2 12/02/2026 Book